00000000nam 2200000zi 4500
0019.902184
003CaOODSP
00520241125153659
006m     o  d f      
007cr |n|||||||||
008210730s1980    onc     o    f000 0 eng d
040 |aCaOODSP|beng|erda|cCaOODSP
043 |an-cn---|aaw-----|aff-----
0861 |aE2-495/1980E-PDF
24500|aFinal report of the Special Representative of the Government of Canada respecting the Middle East and North Africa.
264 1|aOttawa, Canada : |bGovernment of Canada, |c[1980]
300 |a1 online resource (25 pages)
336 |atext|btxt|2rdacontent
337 |acomputer|bc|2rdamedia
338 |aonline resource|bcr|2rdacarrier
500 |aDigitized edition from print [produced by Government of Canada Publications Directorate].
500 |aIssued also in French under title: Rapport final du représentant spécial du gouvernement du Canada concernant le Moyen-Orient et l'Afrique du Nord.
650 0|aJewish-Arab relations.
651 0|aCanada|xForeign relations|zMiddle East.
651 0|aMiddle East|xForeign relations|zCanada.
651 0|aCanada|xForeign relations|zAfrica, North.
651 0|aAfrica, North|xForeign relations|zCanada.
7101 |aCanada.|bExternal Affairs and International Trade, |eissuing body.
77508|tRapport final du représentant spécial du gouvernement du Canada concernant le Moyen-Orient et l'Afrique du Nord.|w(CaOODSP)9.945546
85640|qPDF|s2.06 MB|uhttps://publications.gc.ca/collections/collection_2024/amc-gac/E2-495-1980-eng.pdf